[Event "Petrov Memorial op"]
[Site "St Petersburg"]
[Date "2000.02.12"]
[Round "5"]
[White "Moiseenko, Alexander"]
[Black "Sivokho, Sergey V"]
[Result "1/2-1/2"]
[WhiteElo "2573"]
[BlackElo "2436"]
[Annotator "Ribli,Z"]
[PlyCount "163"]
[EventDate "2000.02.05"]
[EventType "swiss"]
[EventRounds "9"]
[EventCountry "RUS"]
[SourceTitle "CBM 076"]
[Source "ChessBase"]
[SourceDate "2000.05.31"]
[SourceVersion "1"]
[SourceVersionDate "2000.05.31"]
[SourceQuality "1"]

1. d4 Nf6 2. c4 c5 {Der schwarze Spieler ist ein Spezialist fürs Wolga-Gambit,
das nach 3.d5 b5 entsteht.} 3. Nf3 {Weiß möchte die Komplikationen des
Wolga-Gambits vermeiden.} cxd4 4. Nxd4 Nc6 (4... e5 5. Nb5 d5 {Das ist der
Beginn einer scharfen, zweischneidigen Variante, in der Schwarz einen Bauern
opfert .(Nach 6.cxd5 kann er nicht 6...Nxd5?? spielen wegen 7.Qxd5! mit Gewinn.
)}) 5. g3 Nxd4 {Das ist eine seltene Fortsetzung in dieser Stellung, durch
Zugumstellung jedoch gelangt man in eine Hauptvariante.} (5... Qa5+ $5 6. Nc3
Ne4 7. Ndb5 a6 8. Nc7+ Qxc7 9. Nxe4 $11) (5... Qb6 6. Nc2 Ne5 $6 7. b3 $14 Qc6
8. Rg1 $36) (5... d5 6. Bg2 $14) (5... e6 6. Bg2 Qb6 7. Nc2 $14) 6. Qxd4 g6 7.
Bg2 Bg7 8. O-O O-O 9. Nc3 d6 {Die gewöhnliche Zugfolge für diese Variante wäre
1.Nf3 Nf6 2.c4 c5 3.Nc3 Nc6 4.g3 g6 5.Bg2 Bg7 6.0-0 0-0 7.d4 cxd4 8.Nxd4 Nxd4
9.Qxd4.} 10. Qh4 {Dieser Zug wird heutzutage seltener gespielt - die Dame
steht auf h4 ein wenig im Abseits.} (10. Qd3 {Das ist die Hauptfortsetzung -
die Dame steht ideal auf d3, von hier aus verteidigt sie den Damenflügel.})
10... Qb6 {Schwarz verteidigt den Pb7 und provoziert den Zug 11.b3.} (10... Qa5
) (10... a6) (10... Be6 11. Bxb7 Rb8 $44) 11. b3 Bd7 {[%cal Gd7c6,Gc6g2]
Dieser Zug ist meiner Meinung nach logischer als der alternative Läuferzug 11..
.Be6. Schwarz möchte den Bg2 abtauschen.} (11... Be6 12. Bh6 Rfd8 13. Rad1 Bxh6
14. Qxh6 a6 15. Rd3 Rab8 16. h3 Qb4 17. Qd2 b5 18. cxb5 axb5 19. Ne4 Qxd2 20.
Nxf6+ exf6 21. Rxd2 b4 22. Rc1 {1-0 Vulicevic,N-Bonin,J/New York 1998/EXT 99 
(51)}) (11... Qa5 12. Bd2 Ng4 13. Ne4 Qc7 14. Rac1 h6 15. h3 g5 16. Qh5 Ne5 17.
f4 gxf4 18. gxf4 Nd7 19. f5 {1-0 Tikkanen,K-Pihlajasalo,A/FIN-chT 1994/EXT 98 
(25)}) 12. Bh6 (12. Bg5 Bc6 13. e4 Rac8 14. Rad1 Qa5 15. Bd2 Qb6 16. Bh3 Rcd8
17. Rc1 Bd7 18. Bg2 Rc8 19. h3 Bc6 20. Rfe1 Rfd8 21. Qg5 h6 22. Qe3 Qxe3 23.
Bxe3 b6 24. a4 {1/2-1/2 Sher,M-Vifian,H/SWZ-chI op 1992/TD (99)}) (12. Be3 Qa5
13. Bd2 Bc6 $11) 12... Bc6 13. Bxg7 Kxg7 14. e4 (14. Rfd1 Rfc8 15. Qd4 Qxd4 16.
Rxd4 a6 17. a4 a5 18. Bh3 Bd7 19. Bg2 Rc5 20. Nd5 Nxd5 21. Rxd5 Rxd5 22. Bxd5
Ra6 {1/2-1/2 Viner,A-Sergeev,V/Kiev 1986/EXT 2000 (45)}) (14. Nd5 Bxd5 15. cxd5
Rfc8 $15 {[%csl Rg2] Der Bg2 kann sich nicht aktiv ins Spiel einbringen,
Schwarz hingegen hat die Möglichkeit, Aktivität am Damenflügel zu entwickeln.})
14... a5 $11 {[%cal Ga5a4] Schwarz hat eine feste Stellung ohne Schwächen. Er
verschafft sich aktives Spiel am Damenflügel.} 15. Rab1 Qc5 (15... a4 16. Nxa4
(16. bxa4 Qc5 $15) (16. b4 Qd4 17. Nd5 Bxd5 18. cxd5 Rfc8 $15) 16... Bxa4 17.
bxa4 Qc5 18. Rxb7 e5 $44 {Schwarz hat numerisch zwei Bauern weniger, aber die
weißen Bauern am Damenflügel sind allesamt schwach.}) 16. Qf4 a4 $36 17. Qd2
axb3 18. axb3 Ra3 {[%csl Ga3][%cal Gf8a8,Ga8a1] Schwarz hat gutes Figurenspiel
und kann sioch die Kontrolle über die a-Linie verschaffen.} 19. Qb2 {[%cal
Gb2g7]} Rfa8 $15 20. h3 {Weiß hat keine Chance, aktives Spiel aufzubauen.} (20.
Ra1 Qb4 21. Rxa3 Rxa3 $15) 20... Kg8 21. Rfc1 {[%cal Gc1c5]} Qb4 {[#]} 22. c5
$5 {[%mdl 512]} (22. Rc2 Nd7 $15 {[%cal Gd7c5]}) 22... dxc5 (22... Qxc5 $6 23.
Nd5 Ra2 24. Nxe7+ (24. Nxf6+ exf6 25. Qxf6 Qe5 $15) 24... Kg7 25. Rxc5 Rxb2 26.
Rxb2 dxc5 27. Nxc6 bxc6 28. Rc2 Nd7 29. f4 $14) 23. e5 $132 (23. Na4 Bxe4 24.
Rc4 (24. Bxe4 Nxe4 25. Rc4 Qxb3 26. Qxb3 Rxb3 27. Rxb3 Nd2 28. Rxb7 Nxc4 29.
Nxc5 $15) 24... R3xa4 25. Rxb4 Rxb4 26. Bxe4 Nxe4 $15) 23... Ne4 (23... Nd7 24.
Bxc6 (24. Nd5 Bxd5 25. Bxd5 e6 26. Bg2 Ra2 27. Qc3 Qxc3 28. Rxc3 Nxe5 29. Rxc5
Nd3 $17) 24... bxc6 25. Na4) (23... Bxg2 24. exf6 $13) 24. Nxe4 Bxe4 25. Rc4 {
[%cal Rc4b4,Rc4e4]} (25. Bxe4 Qxe4 26. Rxc5 Ra2 27. Rc8+ (27. Qc1 Rxf2 28. Kxf2
(28. Rc8+ Kg7 29. Kxf2 Ra2+ 30. Rb2 Qd4+ $19) 28... Ra2+ 29. Rb2 Qd4+ $19)
27... Rxc8 (27... Kg7 28. Rxa8 Rxb2 29. Rxb2 Qxe5 $15) 28. Qxa2 Qxe5 $17) 25...
Bxb1 26. Rxb4 cxb4 27. e6 $5 (27. Bxb7 R8a7 $15) (27. Qxb1 $4 Ra1 $19) 27...
Bf5 (27... fxe6 28. Qe5 $132) 28. exf7+ Kxf7 29. Bd5+ (29. Qd4) 29... Be6 (
29... e6 30. Bxb7 R8a7 31. Bg2 $14 {Es droht 32.Qh8. Zudem steht der Bf5 nicht
sicher. In einigen Varianten kann Weiß g3-g4 spielen.}) 30. Bxe6+ Kxe6 31. Qd4
$14 {[%mdl 4096] In diesem Endspiel hat Weiß einen Bauern weniger, steht aber
trotzdem etwas besser. Der schwarze König ist exponiert, und die Bauern am
Damenflügel sind schwach.} (31. Qe2+ Kf6 32. Qf3+ Kg7 33. Qxb7 R8a7 34. Qxb4
$14) 31... Ra1+ 32. Kg2 R1a2 33. Qe4+ (33. Qxb4 $5 R8a7 $2 34. Qc4+ Kf6 35. Qg8
h5 36. Qf8+ Ke6 37. Qg7 $16) 33... Kf7 34. Qxb7 Rd8 35. Qxb4 Rdd2 {[%cal Ra2g2]
Die schwarze Aktivität kompensiert ein wenig den weißen Materialvorteil.} 36.
Qf4+ Ke8 37. h4 h5 (37... Rxf2+ $4 {Dieser Zug geht nie in unserer Partie -
das Bauernendspiel ist dank des b-Bauern leicht gewonnen für Weiß.} 38. Qxf2
Rxf2+ 39. Kxf2 $18) 38. Qf3 Rab2 39. Qf4 Ra2 40. Qf3 Rd6 (40... Rab2 $14) 41.
Qb7 Rf6 {Der Turm greift den Pf2 an und verteidigt gleichzeitig den Pg6.} 42.
Qc8+ Kf7 43. Qc4+ Kf8 44. Qd4 Ra8 {[%cal Ga8b8,Gb8b3] Schwarz bereitet den
Angriff auf den b-Bauern mit Rb8-Rfb6 vor.} 45. Qe5 Raa6 (45... Rb6 $4 46. Qh8+
$18) 46. Qd4 Rab6 47. Qd8+ Kf7 48. Qh8 Rb5 $11 {[%cal Rf6b6,Rb6b3]} 49. Qh7+
Ke8 {Spielt Schwarz auf Gewinn? Mit 49...Kf8 konnte er Remis forcieren.} (49...
Kf8 50. Qh8+ Kf7 $11) 50. Qg8+ Kd7 51. Qc4 Rfb6 52. Qf7 Re6 (52... Rxb3 53.
Qd5+ $11) 53. Qf4 Ke8 54. Qc4 Rbb6 (54... Reb6 55. Qg8+ Kd7 $11) 55. Qf4 Rec6
56. Qd4 Rf6 57. Qd5 Rfe6 58. Qc4 $14 {Das wahrscheinlichste Ergebnis lautet
natürlich Remis, aber Weiß hat nach wie vor einen Mehrbauern, den Schwarz
sobald nicht zurück gewinnen kann.} Kf8 59. Qd5 Red6 60. Qf3+ Rf6 61. Qa8+ Kg7
62. Qe4 Rfe6 (62... Kf7) 63. Qd4+ Kh7 64. Qd5 Rf6 (64... Kg7) 65. Qe4 Rf7 (
65... Rfe6) 66. Qd5 Rbf6 (66... Rff6) 67. Qc5 Rf3 68. Qc2 (68. b4 $5 $14) 68...
e5 69. Qe2 e4 $11 {Schwarz verteidigt den Rf3 und befreit den Rf7.} (69... Rxb3
70. Qxe5 Rbf3 $11) 70. b4 Re7 71. Qb2 Rd3 72. Qf6 Rdd7 73. Qg5 (73. b5) 73...
Re6 74. b5 Rde7 75. Qe3 (75. b6 Rb7 76. Qd5 Rbxb6 77. Qd7+ $11) 75... Rb7 76.
Qc5 e3 77. fxe3 Reb6 {Endlich gewinnt Schwarz den b-Bauern.} 78. Qe5 Rxb5 79.
Qe8 Rf5 80. Kh3 Rf2 81. Qe4 Rbf7 (81... Rbb2 82. Qe7+ Kh6 83. Qg5+ $11) 82. Qe6
1/2-1/2

[Event "Interzonal-15"]
[Site "Manila"]
[Date "1990.??.??"]
[Round "12"]
[White "Ehlvest, Jaan"]
[Black "De Firmian, Nick E"]
[Result "1-0"]
[WhiteElo "2655"]
[BlackElo "2560"]
[Annotator "Ribli,Z"]
[PlyCount "49"]
[EventDate "1990.06.29"]
[EventType "swiss"]
[EventRounds "13"]
[EventCountry "PHI"]
[SourceTitle "CBM 019"]
[Source "ChessBase"]
[SourceDate "1990.12.01"]
[SourceVersion "1"]
[SourceVersionDate "1990.12.01"]
[SourceQuality "1"]

1. Nf3 c5 2. c4 Nc6 3. Nc3 Nf6 4. g3 g6 5. Bg2 Bg7 6. O-O O-O 7. d4 cxd4 8.
Nxd4 Nxd4 9. Qxd4 d6 10. Qd3 a6 11. Bd2 Rb8 12. Rac1 Bd7 (12... Be6 13. b3 {
1/4-1/4 Gofstein,L-Gazik,I Kiev 1989}) (12... b5 $5 13. cxb5 axb5 14. Nxb5 Bf5
$1 15. Qb3 Ne4 16. Be3 (16. Bxe4 $5) 16... Qa5 17. a4 Nd2 18. Bxd2 Qxd2 $15 {
Monin-Agapov URS 1987 43/(44)}) 13. Rfd1 Bc6 14. e4 Nd7 15. Qe2 (15. b3 b5 16.
Nd5 $14 {Ree-Scholl Amsterdam B 1970}) 15... b5 16. b3 bxc4 17. Qxc4 Bb7 18.
Nd5 $1 Rc8 $2 19. Qxc8 $1 $18 Bxc8 20. Rxc8 Qxc8 21. Nxe7+ Kh8 22. Nxc8 Rxc8
23. Bh3 f5 24. exf5 Rc2 25. Be3 {Ribli} 1-0

[Event "Warsaw"]
[Site "Warsaw"]
[Date "1990.??.??"]
[Round "6"]
[White "Cvitan, Ognjen"]
[Black "Gdanski, Jacek"]
[Result "1/2-1/2"]
[WhiteElo "2525"]
[BlackElo "2430"]
[Annotator "Ribli,Z"]
[PlyCount "94"]
[EventDate "1990.01.??"]
[EventType "tourn"]
[EventRounds "13"]
[EventCountry "POL"]
[EventCategory "9"]
[SourceTitle "CBM 017"]
[Source "ChessBase"]
[SourceDate "1990.08.01"]
[SourceVersion "1"]
[SourceVersionDate "1990.08.01"]
[SourceQuality "1"]

1. Nf3 c5 2. c4 Nf6 3. g3 g6 4. Bg2 Bg7 5. O-O O-O 6. d4 cxd4 7. Nxd4 Nc6 8.
Nc3 Nxd4 9. Qxd4 d6 10. Qd3 a6 11. Be3 Ng4 12. Bd4 Ne5 13. Qd1 Rb8 14. Rc1 Bd7
{14...Be6 15.Nd5, b5 16.c5!?, Bxd5 17.Bxd5, dxc5 18.Bxc5, Nd7 19.b4, Nxc5 20.
bxc5, Qc7 21.Qb3, e6 22.Bf3, Rfd8 23.c6 +/= Boersma-Smejkal Bad Wörishofen
1988 i 48/(60)} 15. Nd5 Bc6 16. Bb6 Qe8 17. Bh3 $5 {17.Qd2!?} f5 18. f4 Nd7 19.
Bd4 e5 20. Bc3 Nf6 21. Bg2 Rd8 22. Nxf6+ Bxf6 23. Bd5+ Kg7 24. Qd3 Qe7 25. e4
Bxd5 26. cxd5 exf4 27. Rxf4 fxe4 28. Rxe4 Be5 29. Qe3 {29.Rce1 +/=} Rde8 30.
Re1 Rf5 31. g4 Rf7 32. h3 {32.Bxe5+, dxe5 33.Rxe5, Qxe5 34.Qxe5, Rxe5 35.Rxe5,
Rc7!} Qh4 33. Bxe5+ dxe5 34. Rxe5 Rxe5 35. Qxe5+ Kg8 36. Qe3 h5 37. Rf1 {
37.gxh5!?} Rxf1+ 38. Kxf1 hxg4 39. Qe6+ Kg7 40. Qd7+ Kh6 41. hxg4 Qf6+ 42. Ke2
Qxb2+ 43. Kd3 Qxa2 44. d6 Qa5 45. Ke3 Qe5+ 46. Kf3 Qd5+ 47. Ke3 Qe5+ 1/2-1/2

[Event "Sydney"]
[Site "Sydney"]
[Date "1990.??.??"]
[Round "3"]
[White "Davidovic, Aleksandar"]
[Black "Madl, Ildiko"]
[Result "1/2-1/2"]
[WhiteElo "2420"]
[BlackElo "2390"]
[Annotator "Ribli,Z"]
[PlyCount "77"]
[EventDate "1990.??.??"]
[EventType "tourn"]
[EventRounds "9"]
[EventCountry "AUS"]
[EventCategory "6"]
[SourceTitle "CBM 020"]
[Source "ChessBase"]
[SourceDate "1991.02.01"]
[SourceVersion "1"]
[SourceVersionDate "1991.02.01"]
[SourceQuality "1"]

1. Nf3 Nf6 2. c4 c5 3. g3 g6 4. Bg2 Bg7 5. Nc3 O-O 6. d4 cxd4 7. Nxd4 Nc6 8.
O-O Ng4 9. e3 Nxd4 10. exd4 Nh6 11. Bd2 Nf5 12. d5 d6 13. b3 Rb8 14. a4 a6 15.
Rc1 (15. Re1 $5 Bd7 16. Bf1 $14) 15... Bd7 16. Ne4 b5 17. axb5 axb5 18. c5 dxc5
19. Nxc5 Rc8 20. Bb4 h5 21. Re1 Nd4 22. Nxd7 Rxc1 23. Qxc1 Qxd7 24. Qd1 Re8 25.
Bc5 Nf5 26. Bh3 Qc7 27. b4 Nd6 28. Qe2 Bf6 29. Qa2 (29. Bxd6 Qxd6 30. Qxb5 Rb8
$10) 29... Rb8 30. Qa6 Qd8 31. Qc6 Nc4 32. f4 Nd6 33. Re2 Ra8 34. Bd7 Ra1+ 35.
Kg2 Qb8 36. Rc2 Kg7 37. Bxd6 exd6 38. Qc7 (38. Qxb5 Qa7) 38... Qa7 39. Qxa7
1/2-1/2

[Event "Bled op 13th"]
[Site "Bled"]
[Date "1992.??.??"]
[Round "7"]
[White "Sher, Miron Naumovich"]
[Black "Milocco, Franco"]
[Result "1/2-1/2"]
[WhiteElo "2475"]
[BlackElo "2370"]
[Annotator "Ribli,Z"]
[PlyCount "71"]
[EventDate "1992.03.??"]
[EventType "swiss"]
[EventRounds "9"]
[EventCountry "SLO"]
[SourceTitle "CBM 029"]
[Source "ChessBase"]
[SourceDate "1992.08.01"]
[SourceVersion "1"]
[SourceVersionDate "1992.08.01"]
[SourceQuality "1"]

1. c4 c5 2. Nf3 Nf6 3. Nc3 Nc6 4. g3 g6 5. Bg2 Bg7 6. d4 cxd4 7. Nxd4 Nxd4 8.
Qxd4 d6 9. O-O O-O 10. Qd3 a6 (10... Bf5 $5 11. e4 Be6 12. Bd2 a6 13. b3 Nd7 $5
14. Rac1 b5 $13 {Ivanchuk,V-Andersson,U Reykjavik WCup 1991 52/(62) CBM/26})
11. Be3 (11. Bd2 $5 Rb8 12. Rac1 b5 13. cxb5 axb5 14. Nxb5 Bf5 15. e4 Nxe4 16.
Bxe4 Bxe4 17. Qxe4 Rxb5 18. b4 d5 19. Qd3 Qd7 20. a4 Rbb8 21. b5 $14 {Georgiev,
Ki-Gufeld,E Calcutta 1992 EXP/27}) 11... Ng4 (11... Bf5 12. Qd2 Qd7 13. Rfd1 $5
Rac8 14. c5 $1 $14 {Davies,N-Arkell,K London WFW 1991 CBM/24}) 12. Bd4 Ne5 13.
Qd1 Rb8 14. c5 (14. Rc1 $5 Be6 15. Nd5 b5 16. c5 Bxd5 17. Bxd5 dxc5 18. Bxc5
Nd7 19. b4 Nxc5 20. bxc5 Qc7 21. Qb3 e6 22. Bf3 Rfd8 23. c6 $14 {
Boersma-Smejkal Bad Wörishofen 1988 48/(60)}) 14... Be6 15. Rc1 dxc5 16. Bxc5
Nd7 17. Bd4 Qa5 18. Bxg7 Kxg7 19. Qd4+ Nf6 20. Rfd1 b5 21. Qe5 Kg8 22. Rd4 Rfd8
23. Rcd1 Rdc8 24. h3 Qc7 25. Qxc7 (25. Rd8+ Qxd8 26. Rxd8+ Rxd8 $13) 25... Rxc7
26. a3 Kg7 27. Rd8 Rb6 28. R1d4 a5 29. Ne4 Nxe4 30. Rxe4 b4 31. axb4 Rxb4 32.
Rxb4 Rc1+ 33. Kh2 axb4 34. Rd2 Bf5 35. g4 Bb1 36. Bd5 1/2-1/2

[Event "Pardubice"]
[Site "Pardubice"]
[Date "1994.??.??"]
[Round "1"]
[White "Greenfeld, Alon"]
[Black "Ftacnik, Lubomir"]
[Result "1/2-1/2"]
[WhiteElo "2600"]
[BlackElo "2570"]
[Annotator "Ribli,Z"]
[PlyCount "49"]
[EventDate "1994.07.??"]
[EventType "tourn"]
[EventRounds "9"]
[EventCountry "CZE"]
[EventCategory "15"]
[SourceTitle "CBM 042"]
[Source "ChessBase"]
[SourceDate "1994.10.01"]
[SourceVersion "1"]
[SourceVersionDate "1994.10.01"]
[SourceQuality "1"]

1. c4 Nf6 2. Nc3 c5 3. g3 g6 4. Bg2 Bg7 5. Nf3 Nc6 6. d4 cxd4 7. Nxd4 O-O 8.
O-O Nxd4 9. Qxd4 d6 10. Qd3 a6 11. Be3 (11. Bd2 Rb8 12. Rac1 Nd7 13. b3 Nc5 14.
Qe3 b5 15. Nd5 Be6 16. Rfd1 Bxd5 17. cxd5 b4 $10 {Georgiev,Kir-Gdanski,J/
Budapest zt-A/1993/}) 11... Ng4 $5 (11... Bf5 $6 12. Qd2 Qd7 13. Rfd1 Rac8 14.
c5 $14 {Phominyh,A-Fish,G/Alushta3/1994/CBM41/}) 12. Bd4 Ne5 13. Qd1 Rb8 14.
Rc1 Be6 15. Nd5 Bxd5 (15... b5 $6 16. c5 $1 Bxd5 17. Bxd5 dxc5 18. Bxc5 Nd7 19.
b4 Nxc5 20. bxc5 Qc7 21. Qb3 $14 {Boersma,P-Smejkal,J/Bad Worishofen/1988/})
16. Bxd5 Qd7 (16... Nd7 $6 17. Bxg7 Kxg7 18. b4 $14 {Khasin,Al-Gruenberg,H/
Dresden/1988/CBM10/}) (16... b5 17. c5 $14) 17. Qd2 Rfc8 18. b3 b5 19. cxb5
axb5 20. Bg2 (20. Rxc8+ Rxc8 21. Rc1 Rxc1+ 22. Qxc1 Nf3+ 23. Bxf3 Bxd4 $10)
20... Rxc1 21. Rxc1 Rc8 22. Rc3 (22. Rxc8+ Qxc8 23. a4 bxa4 24. bxa4 Qc4 $10)
22... Bf6 23. h3 Rxc3 24. Qxc3 Qf5 25. Kh2 1/2-1/2